Tanchin hoih Mathai gelh Hilhchetna: (Record no. 3647)

MARC details
000 -LEADER
fixed length control field 00625nam a2200193Ia 4500
003 - CONTROL NUMBER IDENTIFIER
control field GBCCL
005 - DATE AND TIME OF LATEST TRANSACTION
control field 20241126110459.0
008 - FIXED-LENGTH DATA ELEMENTS--GENERAL INFORMATION
fixed length control field 171130b xxu||||| |||| 00| 0 eng d
040 ## - CATALOGING SOURCE
Transcribing agency gbc
082 ## - DEWEY DECIMAL CLASSIFICATION NUMBER
Classification number VER 226.207
Item number VUN
100 ## - MAIN ENTRY--PERSONAL NAME
Personal name Vung Minthang, S
9 (RLIN) 7244
245 ## - TITLE STATEMENT
Title Tanchin hoih Mathai gelh Hilhchetna:
Remainder of title Bung 1-12 /
Statement of responsibility, etc. S. Vung Minthang
260 ## - PUBLICATION, DISTRIBUTION, ETC.
Name of publisher, distributor, etc. Evangelical Baptist Convention,
Place of publication, distribution, etc. New Lamka:
Date of publication, distribution, etc. 2011
300 ## - PHYSICAL DESCRIPTION
Extent 177p.;
Dimensions 20 cm.
440 ## - SERIES STATEMENT/ADDED ENTRY--TITLE
Title Saptuam' Laisiangthou Hilhchetna
9 (RLIN) 7247
650 ## - SUBJECT ADDED ENTRY--TOPICAL TERM
Topical term or geographic name entry element Bible
Form subdivision New Testament
General subdivision Mathew
Chronological subdivision Commentaries
9 (RLIN) 7245
650 ## - SUBJECT ADDED ENTRY--TOPICAL TERM
Topical term or geographic name entry element Sunday School
Form subdivision Adult
9 (RLIN) 7246
942 ## - ADDED ENTRY ELEMENTS (KOHA)
Edition REPRINT
Source of classification or shelving scheme Dewey Decimal Classification
Koha item type Books
Koha issues (borrowed), all copies 1
Holdings
Withdrawn status Lost status Source of classification or shelving scheme Damaged status Not for loan Collection Home library Current Library Shelving location Date acquired Total checkouts Full call number Barcode Date last seen Copy number Price effective from Koha item type Date last checked out
    Dewey Decimal Classification       GRACE BIBLE COLLEGE GRACE BIBLE COLLEGE Vernacular 2017-11-30   VER 226.207 VUN 010214 2025-05-01 c.1 2017-11-30 Books  
    Dewey Decimal Classification       GRACE BIBLE COLLEGE GRACE BIBLE COLLEGE Vernacular 2017-11-30   VER 226.207 VUN 010249 2025-05-01 c.2 2017-11-30 Books  
    Dewey Decimal Classification       GRACE BIBLE COLLEGE GRACE BIBLE COLLEGE Vernacular 2017-11-30   VER 226.207 VUN 010250 2025-05-01 c.3 2017-11-30 Books  
    Dewey Decimal Classification       GRACE BIBLE COLLEGE GRACE BIBLE COLLEGE Vernacular 2018-02-07 1 VER 226.207 VUN 010254 2025-05-01 c.4 2018-02-07 Books 2023-11-27
© Grace Bible College Library 2025